| 000 | 00631cam a2200181 a 4500 | ||
|---|---|---|---|
| 001 | 000012827 | ||
| 005 | 20200929163101.0 | ||
| 008 | 810107s1976 ve 000 0 spa | ||
| 040 |
_aDO-SdBNP _bspa _cBNPHU |
||
| 082 |
_a333.3187 _bP723p |
||
| 100 | 1 |
_aPlaza, Salvador de la. _929670 |
|
| 245 | 1 | 3 |
_aEl problema de la tierra / _cSalvador de la Plaza. |
| 260 |
_aCaracas : _bUniversidad Central de Venezuela, Facultad de Ciencias Económicas y Sociales, División de Publicaciones, _c1976. |
||
| 300 |
_a3v. ; _c20 cm. |
||
| 650 | 4 |
_aReforma agraria _zVenezuela _929671 |
|
| 910 | _aValidado. Control de calidad MFF | ||
| 049 | _aBNGR | ||
| 999 |
_c12477 _d12477 |
||